00194nam a2200073 a 450000500170000000800410001705000250005824500370008320140414093842.0090122s19uu xx uuu eng d aDVD 791.43bCON 2003 aConfessions of a dangerous mind.